[Event "Challenge"]
[Site "http://www.queenalice.com/game.php?id=7920"]
[Date "2005.3.26"]
[Round "-"]
[White "Kenov"]
[Black "bienopia"]
[Result "0-1"]
[WhiteElo "1035"]
[BlackElo "1632"]

1. e4 a6 2. d4 c6 3. Nf3 d5 4. e5 Bg4 5. Bd2 e6 6. Nc3 c5 7. Be2 Bxf3 8. Bxf3
cxd4 9. Ne2 Bc5 10. O-O Nc6 11. Bf4 h6 12. a3 Nge7 13. b4 Ba7 14. c3 dxc3 15.
Nxc3 Ng6 16. Bg3 Ncxe5 17. Re1 Nxf3+ 18. Qxf3 O-O 19. Ne2 Rc8 20. Nf4 Nxf4 21.
Bxf4 Qf6 22. Qg3 Bd4 23. Rad1 Rc3 24. Rd3 Rxd3 25. Qxd3 Qxf4 0-1

[Event "Challenge"]
[Site "http://www.queenalice.com/game.php?id=7940"]
[Date "2005.3.26"]
[Round "-"]
[White "Boeing"]
[Black "Kenov"]
[Result "1-0"]
[WhiteElo "1510"]
[BlackElo "1100"]

1. e4 e5 2. Qh5 Qf6 3. Nc3 c6 4. d3 Bc5 5. Nf3 Ne7 6. Bg5 Qg6 7. Qxg6 Nxg6 8.
O-O-O Bxf2 9. d4 f6 10. Bd2 Bxd4 11. Ne2 c5 12. b4 Nc6 13. bxc5 a5 14. Bc3 Bxc5
15. Rd5 Ba3+ 16. Bb2 Bxb2+ 17. Kxb2 Ra6 18. Nc3 Rb6+ 19. Rb5 Rxb5+ 20. Nxb5 O-O
21. Bc4+ Kh8 22. Nd6 h6 23. Bf7 Kh7 24. h4 b6 25. h5 Nf4 26. Nh4 Ba6 27. g3 Ne2
28. Nhf5 Nd8 29. Bc4 Bxc4 30. Nxc4 Nd4 31. Nxb6 Nxf5 32. exf5 Rf7 33. Rd1 Nc6
34. g4 Nd4 35. c3 Nf3 36. Nxd7 1-0

[Event "Challenge"]
[Site "http://www.queenalice.com/game.php?id=7973"]
[Date "2005.3.27"]
[Round "-"]
[White "Kenov"]
[Black "SMaur"]
[Result "0-1"]
[WhiteElo "1100"]
[BlackElo "1168"]

1. e4 e5 2. Nf3 Nc6 3. Bb5 d6 4. Bxc6+ bxc6 5. d4 exd4 6. Qxd4 c5 7. Qd3 Bb7 8.
Qb5+ c6 9. Qxb7 Qc8 10. Qxc8+ Rxc8 0-1

[Event "AUTO-OPEN-66"]
[Site "http://www.queenalice.com/game.php?id=7999"]
[Date "2005.3.27"]
[Round "1"]
[White "Kenov"]
[Black "EdoVillarroel"]
[Result "1-0"]
[WhiteElo "1100"]
[BlackElo "1636"]

1. d4 e6 2. e4 d5 3. e5 c5 4. Nf3 Nc6 5. Bb5 Bd7 6. Bxc6 Bxc6 7. c3 cxd4 8. cxd4
f6 9. O-O Qb6 10. Nc3 fxe5 11. Nxe5 Nf6 12. Bg5 h6 13. Bxf6 gxf6 14. Qh5+ Ke7
15. Ng6+ Kd8 16. Nxh8 Be8 17. Qg4 f5 18. Qf4 Bg7 19. Rfe1 Bxh8 20. Qxh6 Bxd4 21.
Rxe6 Bxf2+ 22. Kf1 Bb5+ 23. Ne2 Bxe2+ 24. Kxe2 Qxb2+ 25. Kf3 Qc3+ 26. Kxf2 Qc5+
27. Re3 d4 28. Qf6+ Kd7 29. Qe6+ 1-0

[Event "AUTO-OPEN-66"]
[Site "http://www.queenalice.com/game.php?id=8000"]
[Date "2005.3.27"]
[Round "1"]
[White "EdoVillarroel"]
[Black "Kenov"]
[Result "1-0"]
[WhiteElo "1634"]
[BlackElo "1100"]

1. e4 e5 2. Nf3 Nc6 3. d4 exd4 4. Nxd4 Nxd4 5. Qxd4 Qf6 6. e5 Qb6 7. c3 Bc5 8.
Qf4 Ne7 9. b4 Ng6 10. bxc5 Qxc5 11. Be3 Qe7 12. Qg5 Qxg5 13. Bxg5 Nxe5 14. Be2
f6 15. Bh5+ Kd8 16. Bf4 Nd3+ 17. Kd2 Nxf4 18. Bf3 d6 19. Re1 c6 20. g3 Ne6 21.
Na3 d5 22. c4 d4 23. Bg4 Bd7 24. Bxe6 Bxe6 25. Rxe6 1-0

[Event "AUTO-OPEN-66"]
[Site "http://www.queenalice.com/game.php?id=8001"]
[Date "2005.3.27"]
[Round "1"]
[White "Kenov"]
[Black "jiikoo"]
[Result "0-1"]
[WhiteElo "1100"]
[BlackElo "1500"]

1. d4 d5 2. e3 e6 3. c4 Nf6 4. Nf3 Bb4+ 5. Bd2 Bxd2+ 6. Nbxd2 O-O 7. Rc1 b6 8.
Bd3 Bb7 9. Ng5 h6 10. h4 dxc4 11. Bb1 Bxg2 12. Rh2 Bd5 13. e4 Bb7 14. e5 Nd5 15.
Qc2 g6 16. Nxe6 Qe7 17. Nxf8 Qxf8 18. Rg2 Nb4 19. Rxg6+ fxg6 20. Qxc4+ Bd5 21.
Qxc7 N8c6 22. Bxg6 Qg7 23. Qxg7+ Kxg7 24. Bb1 Rc8 25. a3 Na6 26. b4 Ne7 27. Rxc8
Nxc8 28. Be4 Bxe4 29. Nxe4 Ne7 30. f4 Nc7 31. a4 Ncd5 32. Kf2 Nxf4 33. b5 Ne6
34. Ke3 Nf5+ 35. Kd3 Nexd4 36. Kc4 Kf7 37. Nd6+ Nxd6+ 38. exd6 Ne6 39. Kd5 Nd8
40. Ke5 Ke8 41. Kd5 Kd7 42. Ke5 Nf7+ 43. Kf6 Nxd6 44. Kg7 Nf5+ 0-1

[Event "AUTO-OPEN-66"]
[Site "http://www.queenalice.com/game.php?id=8002"]
[Date "2005.3.27"]
[Round "1"]
[White "jiikoo"]
[Black "Kenov"]
[Result "0-1"]
[WhiteElo "1500"]
[BlackElo "1100"]

1. e4 e5 2. Nf3 Nc6 3. Bc4 Be7 4. Nc3 Nf6 5. d3 O-O 6. O-O d6 7. h3 Be6 8. Bxe6
fxe6 9. b3 Qe8 10. Bb2 Qg6 11. Nh2 Nh5 12. Bc1 Nd4 13. Ne2 Nf3+ 14. Nxf3 Rxf3
15. Ng3 Nxg3 16. Qxf3 Nxf1 17. Kxf1 Rf8 18. Qg4 Qf7 19. Be3 d5 20. Kg1 d4 21.
Bg5 Qxf2+ 22. Kh1 Bb4 23. Qxe6+ Kh8 24. Qxe5 Bd6 0-1

[Event "Challenge"]
[Site "http://www.queenalice.com/game.php?id=8044"]
[Date "2005.3.28"]
[Round "-"]
[White "pedrinhoIII"]
[Black "Kenov"]
[Result "0-1"]
[WhiteElo "1700"]
[BlackElo "1100"]

1. e4 e5 2. Qh5 Qf6 3. Bc4 Bc5 4. f3 Nc6 5. c3 Bxg1 6. Rxg1 d6 7. d3 Be6 8. Bg5
Qg6 9. Qxg6 hxg6 10. Bxe6 fxe6 11. Na3 Rxh2 12. O-O-O a6 13. Rh1 Rxg2 14. Rh8
Kf7 15. Be3 Rf8 16. b4 Rxa2 17. Nb1 Nf6 18. Rxf8+ Kxf8 19. Rd2 Rxd2 20. Nxd2 b5
21. Bg5 Kf7 22. c4 Nh7 23. Be3 Nxb4 24. cxb5 axb5 25. Nb3 Nxd3+ 26. Kd2 Nb4 27.
Na5 d5 28. exd5 exd5 29. Bc5 Na6 30. Ba7 Ke6 31. Nc6 Kd6 32. Nb4 Nxb4 33. Kc3
Nc6 34. Be3 d4+ 35. Bxd4 exd4+ 36. Kd3 Kd5 37. f4 Nf6 38. Kd2 Ke4 39. f5 g5 40.
Ke2 d3+ 41. Kd2 Nd4 42. Kd1 Ke3 43. Ke1 d2+ 44. Kd1 Ne4 45. f6 Nf2# 0-1

[Event "Challenge"]
[Site "http://www.queenalice.com/game.php?id=8062"]
[Date "2005.3.28"]
[Round "-"]
[White "Catalin"]
[Black "Kenov"]
[Result "1-0"]
[WhiteElo "1636"]
[BlackElo "1100"]

1. e4 e5 2. Nf3 Nc6 3. d4 Nxd4 4. Nxd4 exd4 5. Qxd4 Qf6 6. Be3 Qxd4 7. Bxd4 Ne7
8. Bc4 Nc6 9. Bc3 d6 10. O-O Bd7 11. f4 Be6 12. Nd2 1-0

[Event "Challenge"]
[Site "http://www.queenalice.com/game.php?id=8190"]
[Date "2005.3.29"]
[Round "-"]
[White "brmds"]
[Black "Kenov"]
[Result "1-0"]
[WhiteElo "1539"]
[BlackElo "1074"]

1. e4 e5 2. Bc4 Be7 3. Qh5 g6 4. Qxe5 Nf6 5. Nf3 Nc6 6. Qg5 d6 7. d4 Bg4 8. e5
Bxf3 9. gxf3 dxe5 10. dxe5 Nd5 11. h4 Bxg5 12. Bxg5 Qd7 13. Nd2 1-0

[Event "Challenge"]
[Site "http://www.queenalice.com/game.php?id=8238"]
[Date "2005.3.30"]
[Round "-"]
[White "pedrinhoIII"]
[Black "Kenov"]
[Result "0-1"]
[WhiteElo "1700"]
[BlackElo "1100"]

1. e4 e5 2. Qf3 Qf6 3. Qb3 Bc5 4. Nf3 Nc6 5. c3 Nge7 6. d3 Ng6 7. g3 Qxf3 8. Rg1
Bxf2+ 9. Kd2 Bxg1 10. Be2 Be3+ 11. Kd1 Qh1+ 12. Kc2 Qxc1# 0-1